| 000 | 01245nam a2200241 a 4500 | ||
|---|---|---|---|
| 008 | 060316s1987 ||||||||||||||||| || u | ||
| 020 | _a0471085219 | ||
| 050 | _aSD 393 Gre | ||
| 100 | _aGregory, G. Robinson | ||
| 245 | 1 | 0 | _aResource economics for foresters |
| 260 |
_aNew York : _bJohn Wiley and Sons _c1987 |
||
| 300 | _aix, 477 p. : ill. | ||
| 350 | _a0.00 | ||
| 500 | _aIncludes Bibliography | ||
| 650 | _aFOREST PRODUCTS INDUSTRY | ||
| 650 | _aFOREST MANAGEMENT--STANDARDS | ||
| 650 | 0 | _aFORESTS AND FORESTRY--ECONOMIC ASPECTS | |
| 856 | _uhttp://www.loc.gov/catdir/toc/onix05/87016069.html | ||
| 995 |
_aMAIN LIBRARY OPEN ACCESS _D0.00 _e728933 _FCBU-MAIN LIBRARY (Kitwe) _H4 _I70.00 _jSD 393 Gre _M1 _UAVAILABLE _y020856 _ZMain Library Open Access Collection |
||
| 995 |
_aANNEX COLLECTION (Main Library) _D0.00 _e728934 _FCBU-MAIN LIBRARY (Kitwe) _H2 _I70.00 _jSD 393 Gre _M2 _UAVAILABLE _y020857 _ZAnnex Low-Usage Collection |
||
| 995 |
_aMAIN LIBRARY OPEN ACCESS _D0.00 _e025335 _FCBU-MAIN LIBRARY (Kitwe) _H1 _I70.00 _jSD 393 Gre _M3 _ULOST _y025335 _ZMain Library Open Access Collection |
||
| 995 |
_aMAIN LIBRARY OPEN ACCESS _D0.00 _e727485 _FCBU-MAIN LIBRARY (Kitwe) _H3 _I70.00 _jSD 393 Gre _M4 _UAVAILABLE _y025336 _ZMain Library Open Access Collection |
||
| 999 |
_c80180 _d80180 |
||